Načalo načal : (Titelsatznr. 22715)
[ MARC ]
| 000 -Satzkennung | |
|---|---|
| Kontrollfeld mit fester Länge | 00548nam a22001811c 4500 |
| 001 - Kontrollnummer | |
| Kontrollfeld | a04004 |
| 008 - Feld mit fester Länge zur physischen Beschreibung - Allgemeine Angaben | |
| Kontrollfeld mit fester Länge | 051017s2000 gw a||| 000u eng d |
| 020 ## - Internationale Standardbuchnummer | |
| Internationale Standardbuchnummer | 5890480723 |
| Verknüpfung | 5-89048-072-3 |
| 041 ## - Sprachcode | |
| Sprachcode des Textes/der Tonspur oder des separaten Titels | eng |
| 040 ## - Katalogisierungsquelle | |
| Übertragungsstelle | RU-10907106 |
| 003 - Kontrollnummer Identifier | |
| Kontrollfeld | RU-10907106 |
| 100 1# - Haupteintragung - Personenname | |
| Personenname | Zacharov, Vladimir V. |
| 240 10 - Einheitstitel | |
| Einheitstitel | Anatomy of Holocaust : The very beginning |
| 245 00 - Titel | |
| Titel | Načalo načal : |
| Zusatz zum Titel | Germanija 1933 - 1939 gody / |
| Verfasserangabe etc. | V. Zacharov, V. Kuli"sov |
| 264 ## - Produktion, Veröffentlichung, Distribution, Herstellung und Urheberrechtsvermerk | |
| Herstellungs-, Veröffentlichungs- Vertriebs-, Erzeugungsort | Moskva : |
| Produzent, Herausgeber, Distributor, Hersteller | Kollekcija Soveršenno Sekretno, |
| Datum der Herstellung, der Veröffentlichung, des Vertriebs oder des Urheberschutzvermerks | 2000 |
| 300 ## - Physische Beschreibung | |
| Umfang | 553 S. : Ill |
| 942 ## - Zusätzliche Felder (Koha) | |
| Koha-Medientyp | Monographien |
| Ausgeschieden | Verloren | Klassifikation oder Aufstellungssystematik | Beschädigt | Nicht entleihbar | Heimatbibliothek | Aufenthaltsbibliothek | Aufstellungsort | Erwerbungsdatum | Inventarnummer | Signatur | Barcode | Letzte Aktivität | Preis gültig von | Koha-Medientyp |
|---|---|---|---|---|---|---|---|---|---|---|---|---|---|---|
| Andere/Generische Klassifikation | MWN Osteuropa | MWN Osteuropa | Lesesaal - 1 | 17/10/2005 | 05-03975 | D 52 hb Zach | E0040150790BC0D0 | 22/02/2021 | 22/03/2021 | Monographien |